Die fraktale Geometrie der Natur

Saved in:
Bibliographic Details
Main Author: Mandelbrot, Benoit (Author)
Format: Book
Language:German
Published: Basel : Birkhäuser, 1991
Edition:1. vydanie
Subjects:
Tags: Add Tag
No Tags, Be the first to tag this record!

MARC

LEADER 00000nam a22000003a 4500
001 stu11549
005 20150617225801.4
008 950503s1991----sz------------------ger-d
020 |a 3764326468 
040 |a STU  |b slo 
041 0 |a ger 
044 |a sz 
100 1 |a Mandelbrot, Benoit  |4 aut 
245 1 |a Die fraktale Geometrie der Natur 
250 |a 1. vydanie 
260 |a Basel :  |b Birkhäuser,  |c 1991 
300 |a 491 s 
650 7 |a vedy prírodné  |2 stusub 
650 7 |a geometria  |2 stusub 
996 |b 284AU00577  |c A*2509 U  |l AAKNAR  |s A  |a 24  |w stu11549_0001